Logo

Description automatically generated
विद्यार्जन
 संसाधन केंद्र, भारतीय प्रौद्योगिकी संस्थान इन्दौर
Learning Resource Center, Indian Institute of Technology Indore

ऑनलाइन सार्वजनिक अभिगम प्रसूची
Online Public Access Catalogue (OPAC)

Critical theory today : a user-friendly guide [2nd ed.] (Record no. 57396)

MARC details
000 -LEADER
fixed length control field 00662nam a2200229Ia 4500
005 - DATE AND TIME OF LATEST TRANSACTION
control field 20260704175958.0
008 - FIXED-LENGTH DATA ELEMENTS--GENERAL INFORMATION
fixed length control field 260704s9999||||xx |||||||||||||| ||und||
020 ## - INTERNATIONAL STANDARD BOOK NUMBER
International Standard Book Number 0415974100
Qualifying information pbk
020 ## - INTERNATIONAL STANDARD BOOK NUMBER
International Standard Book Number 9780415974103
Qualifying information pbk
082 ## - DEWEY DECIMAL CLASSIFICATION NUMBER
Classification number 801.95
Item number TYS.2E
100 ## - MAIN ENTRY--PERSONAL NAME
Personal name Tyson, Lois
245 #0 - TITLE STATEMENT
Title Critical theory today : a user-friendly guide [2nd ed.]
250 ## - EDITION STATEMENT
Edition statement 2nd ed.
260 ## - PUBLICATION, DISTRIBUTION, ETC.
Place of publication, distribution, etc. New York
Name of publisher, distributor, etc. Routledge an imprint of Taylor and Francis Group
Date of publication, distribution, etc. 2006
300 ## - PHYSICAL DESCRIPTION
Extent xiv, 465p. ; 23cm.
653 ## - INDEX TERM--UNCONTROLLED
Uncontrolled term Criticism
653 ## - INDEX TERM--UNCONTROLLED
Uncontrolled term Literary criticism
653 ## - INDEX TERM--UNCONTROLLED
Uncontrolled term Literary theory
653 ## - INDEX TERM--UNCONTROLLED
Uncontrolled term Literary theory
653 ## - INDEX TERM--UNCONTROLLED
Uncontrolled term Literature — Philosophy
942 ## - ADDED ENTRY ELEMENTS (KOHA)
Koha item type Book
Holdings
Withdrawn status Lost status Damaged status Not for loan Home library Current library Shelving location Date acquired Source of acquisition Total Checkouts Full call number Barcode Date last seen Price effective from Koha item type
        LRC, IIT Indore LRC, IIT Indore 2nd Floor - General Stack 04/07/2026 Gratis Book Price: USD 6.98   801.95 TYS.2E G2621 04/07/2026 04/07/2026 Book
Copyright © 2017-2026 Indian Institute of Technology Indore. All Rights Reserved.
Managed & maintained by Learning Resource Center, IIT Indore